Регионална библиотека "Любен Каравелов" - Русе

Корсарят и статуята (Запис номер 123244)

MARC детайли
000 -Лидер
Контролно поле с фиксирана дължина 01497nam a2200349 c 4500
003 - Код на организацията, давaща контролен номер
Контролно поле BLK
005 - Дата и час на последна редакция
Контролно поле 20221129144124.0
008 - Елементи от данни с фиксирана дължина
fixed length control field 180409b bul|||||r ||||||| ||bul||
010 ## - Наследен системен номер
LC control number KNG00128902000
040 ## - Източник на каталожния запис
Идентификатор на билиотеката - собственик на записа BLK
041 ## - Код за език
Код за езика на текст/звукозапис или на отделно заглавие Български
Код за езика КДБФ Български
080 ## - УДК
Текстов определител УДК Новогръцка литература
УДК код - определител по УДК 821.146
УДК определител -312.6
УДК - код + определител 821.146-312.6
080 ## - УДК
Текстов определител УДК Гръцки политик, деец на ПАСОК
УДК код - определител по УДК 929 Капсис, Янис
УДК - код + определител 929 Капсис, Янис
100 1# - Редна дума - Автор
Автор Асимакопулос, Костас
Авторска отговорност първи автор
R(LIN) 33989
139 ## - Редно поле
Редна дума Асимакопулос, Костас
Авторски знак Ас - А 92
245 10 - Сведения за заглавието
Заглавие Корсарят и статуята
Подзаглавни данни Романизована биогр. [на Янис Капсис]
Редно поле (дума) Костас Асимакопулос; прев. от гр. Милко Цонев.
257 ## - Страна на издаване
Страна на създаване/издаване Гърция
260 ## - Област на издателските данни
Име на издателя, разпространителя и проч. Георги Бакалов
Година на издаване 1979
Място на издаване, разпространение и проч. Варна
300 ## - Физическа характеристика
Страници 131 с.
Размери/Мащаб 20 см
380 ## - Жанр
Жанр Худож. лит.
490 ## - СЕРИИ (Колекции)
Име на серия Библиотека Океан
№: серия 15
9 (RLIN) 205245
600 14 - Име на лице, използвано като предмет
За него / За нея Капсис, Янис
9 (RLIN) 223486
653 ## - Ключова дума – ненормативна
Ключова дума Янис Капсис
653 ## - Ключова дума – ненормативна
Ключова дума романизувани биографии
700 1# - Други автори (авторска отговорност)
Лично име Цонев, Милко
Автороска отговорност (Описва отношението между автора и произведението) прев. от гр.
9 (RLIN) 294001
852 ## - Местоположение
Форматна сигнатура Цб 99339
856 4# - Електронен адрес и достъп
Електронен формат pdf - файл
Инструкция (цена за достъп) 0.00
Права за достъп disable
856 4# - Електронен адрес и достъп
Електронен формат pdf - файл
Инструкция (цена за достъп) 0.00
Права за достъп disable
999 ## - СИСТЕМНИ КОНТРОЛНИ НОМЕРА
Koha biblionumber 123244
Koha biblioitemnumber 123244
942 ## - АРТИКУЛИ
Вид на библиотечния материал Книги
Скрит в OPAC Не
Периодичен библиозапис Да
944 ## - СЪЗДАВАНЕ И РЕДАКЦИЯ на ЗАПИСА
Създаване/Редакция Създаване
Дата на регистрацията/редакция 16.03.2012
Статус, дата на статуса 16.03.2012 - от С1,Р / 16.03.2012
Служител, извършил регистрацията/редакцията Пенка_Димитрова
944 ## - СЪЗДАВАНЕ И РЕДАКЦИЯ на ЗАПИСА
Създаване/Редакция Редакция
Дата на регистрацията/редакция 16.03.2012
Статус, дата на статуса 16.03.2012 - от С1,Р / 16.03.2012
999 ## - СИСТЕМНИ КОНТРОЛНИ НОМЕРА
Koha biblioitemnumber 123244
Наличности
Код за отписване Код за изгубен артикул Източник на класификационната схема Код за повреда Коз за рестрикции Код за отдаване Артикулен № Име на библиотеката - собственик Име на библиотеката, в която се намира в момента Статус (Текущо местоположение) Дата на вписване в системата Местоположение - отдел Цена в лева Инвентарен номер Систематично азбучна сигнатура Баркод Номер на екземпляра Цена в евро Служебна бележка Служебен тип на артикула
  Не е изгубен Universal Decimal Classification Не е повреден само за читалня ползва се в читалня 199454 Регионална библиотека "Любен Каравелов" Русе Регионална библиотека "Любен Каравелов" Русе Хранилище 1979-01-01 Хранилище 1.00 286712 Цб 99339 120000286712 1 0.51 N: стар фонд Дата: 01.01.1979 Книги
Изтеглен Не е изгубен Universal Decimal Classification Не е повреден без рестрикции заемане за дома 199455 Регионална библиотека "Любен Каравелов" Русе Регионална библиотека "Любен Каравелов" Русе Заемна - подръчен фонд 1979-01-01 Заемна - подръчен фонд 1.00 287660 П 877.4-31/А 92 287660 2 0.51 N: стар фонд Дата: 01.01.1979 Дата инв: 09.02.2018 Бележки инв: П2018 Книги
Изтеглен Не е изгубен Universal Decimal Classification Не е повреден без рестрикции заемане за дома 199456 Регионална библиотека "Любен Каравелов" Русе Регионална библиотека "Любен Каравелов" Русе Заемна - подръчен фонд 1979-01-01 Заемна - подръчен фонд 1.00 287662 П 877.4-31/А 92 287662 3 0.51 N: стар фонд Дата: 01.01.1979 Книги
Изтеглен Не е изгубен Universal Decimal Classification Не е повреден без рестрикции заемане за дома 199457 Регионална библиотека "Любен Каравелов" Русе Регионална библиотека "Любен Каравелов" Русе Заемна - подръчен фонд 1979-01-01 Заемна - подръчен фонд 1.00 287664 П 877.4-31/А 92 287664 4 0.51 N: стар фонд Дата: 01.01.1979 Книги
Vip Innovations Ltd, Rousse, Bulgaria 2025